00689nam a22001817a 4500003000500000005001700005008004100022010001000063011001000073035001000083040000900093082002400102110003900126245010500165260004900270500015300319650003500472CHAP20220329135408.0971013s1831 r 00010 d a35644 a36616 a40735 cCHAP a336.72bM48 1829/30 aMéxico. Secretaría de Hacienda aMemoria leída en la cámara de diputados el día 24, y en la de senadores el 27 de enero de 1831 aMéxico, D.F. :bImprenta del Aguila,c1831 aEncuadrnado con: Memoria de justicia y negocios eclesiásticos, Memoria de guerra, Memoria de Marina, Memoria de relaciones interiores y exteriores14aFinanzas públicaszMéxico.